Pla de Costes : proposta d'ordenació de la zona costanera metropolitana de Barcelona / Corporació Metropolitana de Barcelona. Equip redactor del Pla de Costes ; direcció: Juli Esteban i Noguera proposta d'ordenació de la zona costanera metropolitana de Barcelona / Corporació Metropolitana de Barcelona. Equip redactor del Pla de Costes ; direcció:
Descripción Física:
227 p. : il., col. ; 30 x 30 cm
Otros Autores:
Esteban i Noguera, Juli
MARC
| LEADER | 00000nam a2200000Ia 4500 | ||
|---|---|---|---|
| 001 | 9904 | ||
| 008 | 160829s1987 xx 000 0 cat d | ||
| 080 | |a FOL-1-135 | ||
| 100 | |a Corporació Metropolitana de Barcelona. Equip Redactor del Pla de Costes |9 27620 | ||
| 245 | |a Pla de Costes : |b proposta d'ordenació de la zona costanera metropolitana de Barcelona / Corporació Metropolitana de Barcelona. Equip redactor del Pla de Costes ; direcció: |b Juli Esteban i Noguera | ||
| 260 | |a Barcelona : |b Corporació Metropolitana de Barcelona, Servei de Publicacions, |c 1987 | ||
| 300 | |a 227 p. : |b il., col. ; |c 30 x 30 cm | ||
| 650 | |a Costes |x Barcelona (Àrea metropolitana) |x Planificació |9 27621 | ||
| 700 | |a Esteban i Noguera, Juli |9 1051 | ||
| 901 | |a Arxiu | ||
| 942 | |n 1 | ||
| 952 | |0 0 |1 0 |4 0 |6 FOL1135 |7 1 |9 44477 |a Arxiu |b Arxiu |d 2016-12-01 |l 0 |o FOL-1-135 |p 9904 |r 2016-12-01 00:00:00 |w 2016-12-01 |y ARXIU | ||
| 999 | |c 47058 |d 47058 | ||